000 00548nam a22001817a 4500
005 20251108165304.0
008 250721s1983 xx 000 0 ara d
082 1 4 _a631.52/عبد
100 1 _aالفخري، عبد الله قاسم
245 1 0 _aبذور المحاصيل :
_bإنتاجها و نوعيتها /
264 1 _aالموصل :
_bجامعة الموصل،
_c1983.
300 _a409ص : مص
650 1 7 _aالزراعة
650 1 7 _aالبذور
700 1 _aخلف، أحمد صالح
942 _2ddc
_cBK
999 _c24205
_d24205